Vista normal
Vista MARC
Entrada Personal Name
Número de registros utilizados en: 1
001 - CONTROL NUMBER
- control field: 17986
003 - CONTROL NUMBER IDENTIFIER
- control field: DLC
005 - DATE AND TIME OF LATEST TRANSACTION
- control field: 20260406133148.0
008 - FIXED-LENGTH DATA ELEMENTS
- fixed length control field: 230904n| azannaabn |a aaa c
010 ## - LIBRARY OF CONGRESS CONTROL NUMBER
- LC control number: ns2023002236
035 ## - SYSTEM CONTROL NUMBER
- System control number: (CaEvSKY)skya13156098
040 ## - CATALOGING SOURCE
- Original cataloging agency: MX-XaUV
- Language of cataloging: spa
- Description conventions: rda
- Transcribing agency: Mx-PuUPA
- Modifying agency: Mx-PuUPA
100 1# - HEADING--PERSONAL NAME
- Personal name: Hernández Centeno, Leticia,
373 ## - ASSOCIATED GROUP
- Associated group: Instituto Nacional de Cancerología de México
- Source of term: naf
374 ## - OCCUPATION
- Occupation: Autora
375 ## - GENDER
- Gender: mujer
377 ## - ASSOCIATED LANGUAGE
- Language code: spa
400 1# - SEE FROM TRACING--PERSONAL NAME
- Personal name: Centeno, Leticia Hernández
670 ## - SOURCE DATA FOUND
- Source citation: Cuidados paliativos en enfermería: guía práctica para la enfermera y familiares del paciente para el cuidado en casa, 2019:
- Information found: title page (Leticia Hernández Centeno) flap (attached to the Pain Clinic, National Institute of Cancerology)